LEADER 01111nam0-2200361---450- 001 990001000130203316 010 $a88-7689-030-0 035 $a0100013 035 $aUSA010100013 035 $a(ALEPH)000100013USA01 035 $a0100013 100 $a19980928d1989 |||||ita|01 ba 101 $aeng 102 $aIT 105 $a|||| ||||| 200 1 $a<> frieze from the Hera 1. temple at foce del Sele$fVan Keuren 210 $aRoma$cG. Bretschneider$d1989. 215 $a166 p., [23] c. di tav.$cill.$d31 cm 225 2 $aArchaeologica$x0391-9293$v82 410 1$12001$aArchaeologica$v82 610 0 $aFregi greci$aSele $aHeraion 610 0 $aRilievi greci$aItalia meridionale 676 $a733 700 1$aVAN KEUREN,$bFrances$0171815 801 0$aIT$bsalbc$gISBD 912 $a990001000130203316 959 $aBK 979 $aPATTY$b90$c20020227$lUSA01$h1028 979 $aPATTY$b90$c20020227$lUSA01$h1036 979 $c20020403$lUSA01$h1741 979 $aPATRY$b90$c20040406$lUSA01$h1709 996 $aFrieze from the Hera 1. temple at foce del Sele$9283503 997 $aUNISA LEADER 01974oam 2200529Ia 450 001 9910702288503321 005 20121015130105.0 035 $a(CKB)5470000002425260 035 $a(OCoLC)812873186 035 $a(EXLCZ)995470000002425260 100 $a20121015d1989 ua 0 101 0 $aeng 135 $aurbn||||||||| 181 $ctxt$2rdacontent 182 $cc$2rdamedia 183 $acr$2rdacarrier 200 10$aAge-related changes in human vestibulo-ocular reflexes$b[electronic resource] $esinusoidal rotation and caloric tests /$fR. J. Peterka. F. O. Black and M. B. Schoenhoff 210 1$aPortland, OR :$cGood Samaritan Hospital and Medical Center ;$a[Washington, D.C.]:$c[National Aeronautics and Space Administration],$d[1989] 215 $a1 online resource (25 pages, 4 unnumbered pages) $cillustrations 225 1 $a[NASA contractor report ;$vNASA-CR-185857 300 $aTitle from title screen (viewed Oct. 15, 2012). 320 $aIncludes bibliographical references (pages 19-21). 517 $aAge-related changes in human vestibulo-ocular reflexes 606 $aAge factor$2nasat 606 $aEye movements$2nasat 606 $aHuman reactions$2nasat 606 $aHuman tolerances$2nasat 606 $aRotation$2nasat 606 $aVestibular tests$2nasat 615 7$aAge factor. 615 7$aEye movements. 615 7$aHuman reactions. 615 7$aHuman tolerances. 615 7$aRotation. 615 7$aVestibular tests. 700 $aPeterka$b Robert J$01400830 701 $aBlack$b F. O$01407525 701 $aSchoenhoff$b M. B$01407526 712 02$aUnited States.$bNational Aeronautics and Space Administration. 712 02$aGood Samaritan Hospital & Medical Center (Portland, Or.) 801 0$bGPO 801 1$bGPO 801 2$bGPO 906 $aBOOK 912 $a9910702288503321 996 $aAge-related changes in human vestibulo-ocular reflexes$93489501 997 $aUNINA